| 000 | 00545nam a22001577a 4500 | ||
|---|---|---|---|
| 020 | _qHard Cover. | ||
| 082 | _a004 | ||
| 100 | _aSaima Bukhat Khan. | ||
| 245 |
_aNumerical Investigation of Aerodynamic Stability Derivatives of Atmospheric Entry Vehicle / _cKhan, Saima Bukhat |
||
| 260 |
_aIslamabad: _bRCMS-NUST, _c2021. |
||
| 300 |
_a92 p. : _bill. ; _c30cm. |
||
| 650 |
_aMS-Computational Science and Engineering . _981456 |
||
| 700 |
_aDr. Adnan Maqsood _920892 |
||
| 942 |
_2ddc _cTHE |
||
| 999 |
_c586427 _d586427 |
||